DATA STRUCTURES AND ALGORITHMS IN++ (Record no. 9459)

MARC details
000 -LEADER
fixed length control field 00458nam a22001697a 4500
003 - CONTROL NUMBER IDENTIFIER
control field SGT
020 ## - INTERNATIONAL STANDARD BOOK NUMBER
International Standard Book Number 9788131521267
082 ## - DEWEY DECIMAL CLASSIFICATION NUMBER
Classification number 005.7,DRO
100 ## - MAIN ENTRY--PERSONAL NAME
Personal name ADAM DROZDEK
245 ## - TITLE STATEMENT
Title DATA STRUCTURES AND ALGORITHMS IN++
250 ## - EDITION STATEMENT
Edition statement 4TH
260 ## - PUBLICATION, DISTRIBUTION, ETC. (IMPRINT)
Place of publication, distribution, etc NEW DELHI
Name of publisher, distributor, etc CENGAGE LEARNING
Year of Publication 2013
300 ## - PAGE DESCRIPTION
No. of Pages 792
650 ## - SUBJECT ADDED ENTRY--TOPICAL TERM
Topical term or geographic name as entry element COMPUTER SCIENCE
653 ## - KEYWORDS--INDEX TERM
Keyword term ORIENTED PROGRAMMING USING C++, COMPLEXITY ANALYSIS, LINKED LISTS STACKS AND QUEUES
942 ## - ADDED ENTRY ELEMENTS (KOHA)
Source of classification or shelving scheme Dewey Decimal Classification
Koha item type FPS Books
Holdings
Withdrawn status Lost status Source of classification or shelving scheme Damaged status Not for loan Collection code Home library Current library Shelving location Date acquired Vendor Name Cost, normal purchase price SGTU Bill Number Full call number Accession No. (Barcode) Date last seen Bill Date Koha item type
    Dewey Decimal Classification   Not For Loan SCIENCE SGT Science & Social Sciences Library SGT Science & Social Sciences Library Reference Book 04/07/2016 AHUJA BOOK 525.00 SGTU 6680 005.7,DRO PS1458 04/07/2016 03/03/2016 FPS Books